Erewhon, or Over the range. (Record no. 549866)

000 -LEADER
fixed length control field 00439cam a22001451 4500
082 ## - DEWEY DECIMAL CLASSIFICATION NUMBER
Classification number 823
Author Mark BUT
-- L-29, P-16
100 1# - MAIN ENTRY--PERSONAL NAME
Personal name Butler, Samuel,
9 (RLIN) 45969
245 10 - TITLE STATEMENT
Title Erewhon, or Over the range.
Statement of responsibility, etc. By Samuel Butler. Introd. by Lewis Mumford. 2d rev. ed.
260 ## - PUBLICATION, DISTRIBUTION, ETC.
Place of publication, distribution, etc. Modern Library,
Date of publication, distribution, etc. 1961.
300 ## - PHYSICAL DESCRIPTION
Extent 192 p.
Other physical details ill,
Dimensions 14 CM
526 ## - STUDY PROGRAM INFORMATION NOTE
Program name 0
Interest level 0
Reading level 0
Title point value 823_000000000000000_BUT
650 #0 - SUBJECT ADDED ENTRY--TOPICAL TERM
Topical term or geographic name entry element MCE
9 (RLIN) 379
650 #0 - SUBJECT ADDED ENTRY--TOPICAL TERM
Topical term or geographic name entry element Utopias.
9 (RLIN) 46553
942 ## - ADDED ENTRY ELEMENTS (KOHA)
Source of classification or shelving scheme
Koha item type Book
Holdings
Withdrawn status Lost status Source of classification or shelving scheme Damaged status Not for loan Permanent Location Current Location Date acquired Total Checkouts Full call number Barcode Date last seen Date last checked out Price effective from Koha item type
          Military College of Engineering (MCE) Military College of Engineering (MCE) 10/15/2014 1 823 BUT MCE-2551a 01/23/2018 01/17/2018 10/15/2014 Book
© 2023 Central Library, National University of Sciences and Technology. All Rights Reserved.